Design of Steel structures (Record no. 527280)
[ view plain ]
| 000 -LEADER | |
|---|---|
| fixed length control field | 00284nam a22001337a 4500 |
| 040 ## - CATALOGING SOURCE | |
| Transcribing agency | NUST |
| 082 ## - DEWEY DECIMAL CLASSIFICATION NUMBER | |
| Classification number | 624.1821 |
| Author Mark | DAY |
| 100 ## - MAIN ENTRY--PERSONAL NAME | |
| Personal name | Dayaratnam P |
| 9 (RLIN) | 18317 |
| 245 ## - TITLE STATEMENT | |
| Title | Design of Steel structures |
| 260 ## - PUBLICATION, DISTRIBUTION, ETC. | |
| Name of publisher, distributor, etc. | Chand S |
| 300 ## - PHYSICAL DESCRIPTION | |
| Other physical details | PB.ill.868 |
| 521 ## - TARGET AUDIENCE NOTE | |
| Target audience note | PB |
| 942 ## - ADDED ENTRY ELEMENTS (KOHA) | |
| Source of classification or shelving scheme | |
| Koha item type | Book |
| Withdrawn status | Lost status | Source of classification or shelving scheme | Damaged status | Not for loan | Permanent Location | Current Location | Date acquired | Full call number | Barcode | Date last seen | Copy number | Price effective from | Koha item type |
|---|---|---|---|---|---|---|---|---|---|---|---|---|---|
| NUST Baluchistan Campus (NBC) | NUST Baluchistan Campus (NBC) | 07/23/2019 | 624.1821 DAY | Q-162 | 07/23/2019 | 2 | 07/23/2019 | Book | |||||
| NUST Baluchistan Campus (NBC) | NUST Baluchistan Campus (NBC) | 07/23/2019 | 624.1821 DAY | Q-161 | 07/23/2019 | 1 | 07/23/2019 | Book |
